| 000 | 00000nam##2200000za#4500 |
| 001 | 9.700129 |
| 003 | CaOODSP |
| 005 | 20210927150514 |
| 007 | cr ||||||||||| |
| 008 | 150407|2012||||xxc|||||o f|0| 0 eng|d |
| 040 | |aCaOODSP|beng |
| 043 | |an-cn--- |
| 086 | 1 |aR5-26/2012E-PDF |
| 110 | 1 |aCanada. |bIndian and Northern Affairs Canada. |
| 245 | 10|aSustaining momentum : |h[electronic resource]|bthe Government of Canada's fourth and final report in response to the Kelowna Accord Implementation Act, 2011-12 |
| 260 | |aOttawa - Ontario : |bIndian and Northern Affairs |c[2012]. |
| 300 | |a45p. |
| 590 | |a15-02-Supp|b2015-02-16 |
| 690 | 07|aIndigenous peoples|2gcpds |
| 690 | 07|aGovernment services|2gcpds |
| 775 | 08|tPoursuivre sur la lancée : |w(CaOODSP)9.644081 |
| 856 | 40|ahttp://publications.gc.ca|qPDF|s667 KB|uhttps://publications.gc.ca/collections/collection_2014/aadnc-aandc/R5-26-2012-eng.pdf |